The kingdom of God and peace essays, (Record no. 534049)
[ view plain ]
| 000 -LEADER | |
|---|---|
| fixed length control field | 00885cam a2200289u 4500 |
| 001 - CONTROL NUMBER | |
| control field | 7368729 |
| 003 - CONTROL NUMBER IDENTIFIER | |
| control field | NUST |
| 005 - DATE AND TIME OF LATEST TRANSACTION | |
| control field | 20200129104429.0 |
| 008 - FIXED-LENGTH DATA ELEMENTS--GENERAL INFORMATION | |
| fixed length control field | 821101s1936 enk 000 0 eng |
| 010 ## - LIBRARY OF CONGRESS CONTROL NUMBER | |
| LC control number | 37027019 |
| 038 ## - RECORD CONTENT LICENSOR | |
| Staff Name | MSOHAIL |
| 040 ## - CATALOGING SOURCE | |
| Original cataloging agency | DLC |
| Transcribing agency | CarP |
| Modifying agency | DLC |
| 041 1# - LANGUAGE CODE | |
| Language code of text/sound track or separate title | eng |
| Language code of original | rus |
| 050 00 - LIBRARY OF CONGRESS CALL NUMBER | |
| Classification number | BR125 |
| Item number | .T68 1936 |
| 082 ## - DEWEY DECIMAL CLASSIFICATION NUMBER | |
| Classification number | 320.54 |
| 100 1# - MAIN ENTRY--PERSONAL NAME | |
| Personal name | Tolstoy, Leo, |
| Titles and words associated with a name | graf, |
| Dates associated with a name | 1828-1910. |
| 9 (RLIN) | 28167 |
| 240 10 - UNIFORM TITLE | |
| Uniform title | T︠S︡arstvo Bozhie vnutri vas. |
| Language of a work | English |
| 245 04 - TITLE STATEMENT | |
| Title | The kingdom of God and peace essays, |
| 260 ## - PUBLICATION, DISTRIBUTION, ETC. | |
| Place of publication, distribution, etc. | London, |
| Name of publisher, distributor, etc. | Oxford university press, H. Milford |
| Date of publication, distribution, etc. | [2008] |
| 300 ## - PHYSICAL DESCRIPTION | |
| Extent | xiii, 335, [1] p. |
| Dimensions | 16 cm. |
| 650 #0 - SUBJECT ADDED ENTRY--TOPICAL TERM | |
| Topical term or geographic name entry element | War |
| General subdivision | Religious aspects. |
| 9 (RLIN) | 28168 |
| 650 #0 - SUBJECT ADDED ENTRY--TOPICAL TERM | |
| Topical term or geographic name entry element | Kingdom of God. |
| 9 (RLIN) | 28169 |
| 650 #0 - SUBJECT ADDED ENTRY--TOPICAL TERM | |
| Topical term or geographic name entry element | Patriotism. |
| 9 (RLIN) | 28170 |
| 700 1# - ADDED ENTRY--PERSONAL NAME | |
| Personal name | Maude, Aylmer, |
| Dates associated with a name | 1858-1938, |
| Relator term | ed. and tr. |
| 9 (RLIN) | 24573 |
| 906 ## - LOCAL DATA ELEMENT F, LDF (RLIN) | |
| a | 0 |
| b | cbc |
| c | premunv |
| d | u |
| e | ncip |
| f | 19 |
| g | y-gencatlg |
| 942 ## - ADDED ENTRY ELEMENTS (KOHA) | |
| Source of classification or shelving scheme | |
| Koha item type | Book |
| Withdrawn status | Lost status | Source of classification or shelving scheme | Damaged status | Not for loan | Permanent Location | Current Location | Date acquired | Total Checkouts | Full call number | Barcode | Date last seen | Price effective from | Koha item type |
|---|---|---|---|---|---|---|---|---|---|---|---|---|---|
| School of Civil and Environmental Engineering (SCEE) | School of Civil and Environmental Engineering (SCEE) | 01/29/2020 | 320.54 | NIT-9559 | 01/29/2020 | 01/29/2020 | Book |
